LEADER 00902nam a2200217 i 4500 001 000000245039 003 CaOOAMICUS 005 20150915000000.0 008 150915s1941 it u000 u ita u 013 $a223944 040 $aSeMil$bita 100 1 $aFlora, Francesco,$d<1891-1962>.$0(OLS)http://semarc/name/6412 245 10$aDal Medio Evo alla fine del Quattrocento. 300 $a615 p. 500 $aContiene : Bibliografia ; Prospetto cronologico. - Fondo card. Giovanni Colombo. 773 0 $aFlora, Francesco <1891-1962>$tStoria della letteratura italiana.$b2. edizione.$d[Milano] : Arnoldo Mondadori Editore, 1941.$gVolume1$w()15973 850 $aSeMil 852 $aSeMil$W1$xVenegono$y1$m3GC IV 260$j242309$B195385$CSeMilBibl$Z2$F206064 $8B 941 1 $a3 961 $aLascito: Colombo Card. Giovanni 996 $6245$aDal Medio Evo alla fine del Quattrocento$9(OLS)http://semarc/title/346829 LEADER 00528nab a2200145 i 4500 001 000000287009 003 CaOOAMICUS 005 20180831165342.0 008 180831n xx uu u0 0und r 013 $a40676 040 $aSeMil$bita 245 10$aLet's have a break. - 24 p. - Titolo principale dalla copertina. 500 $a2000/1. 773 0 $tBeiheft zu den Katechetischen Blättern [2000].$dMünchen : Kösel, 2000.$w()240976 996 $6245$aLet's have a break. - 24 p. - Titolo principale dalla copertina$9(OLS)http://semarc/title/367407 LEADER 00443nab a2200145 i 4500 001 000000314139 003 CaOOAMICUS 005 20180831173125.0 008 180831n xx uu u0 0und r 013 $a23226 040 $aSeMil$bita 100 1 $aAllevi, Luigi <1873-1954>.$0(OLS)http://semarc/name/21497 245 10$aCatechesi primitiva. 773 0 $t[Gennaio-Dicembre].$g21-36$w()274245 996 $6245$aCatechesi primitiva$9(OLS)http://semarc/title/388346